Flags of Countries Bordering China - Statistics

General Stats
  • This quiz has been taken 112 times
  • The average score is 13 of 14
Answer Stats
Picture Answer % Correct
North Korea
98%
India
96%
Nepal
96%
Bhutan
95%
Vietnam
95%
Mongolia
94%
Kazakhstan
92%
Pakistan
92%
Russia
91%
Laos
90%
Afghanistan
89%
Kyrgyzstan
89%
Tajikistan
88%
Burma
86%
No matching quizzes found
Score Distribution
Percent of People with Each Score
Percentile by Number Answered
Your Score History
You have not taken this quiz